书目信息

书名: 法定计量单位资料汇编 
作者: 成都市标准计量局 成都市计量测试学会
出版信息:    
开本页数: 19cm  183页
丛书名:
单 册:
中图分类: F
科图分类:
主题词: 经济
电子资源:
ISBN:
000 00622nam0 2200169 450
001 0670314734
005 20060322193212.59
100    @a20060322d km y0chiy0120 ea
101 @achi
200 @a法定计量单位资料汇编@Afa ding ji liang dan wei zi liao hui bian@f成都市标准计量局,成都市计量测试学会@Fcheng du shi biao zhun ji liang ju,cheng du shi ji liang ce shi xue hui
215    @a183页@d19cm
606 @a经济
690    @aF@v4
701  0 @a成都市标准计量局@Acheng du shi biao zhun ji liang ju
701  0 @a成都市计量测试学会@Acheng du shi ji liang ce shi xue hui
801  0 @aCN@bNISOFT@c20060322
905    @a10447@dF@e1752
    
    法定计量单位资料汇编/成都市标准计量局,成都市计量测试学会
    183页;19cm
    
    
    ISBN :
    
相关链接 在五车中查询图书 在当当中查询图书 在豆瓣中查询图书


正题名:法定计量单位资料汇编     索取号:F/1752         预约/预借

序号 登录号 条形码 馆藏地/架位号 状态 备注
1 125862   201258628   海科密-1楼/12架2列4层/ [索取号:F/1752] 在馆    
2 125863   201258637   海科密-1楼/12架2列4层/ [索取号:F/1752] 在馆    
3 125864   201258646   海科密-1楼/12架4列6层/ [索取号:F/1752] 在馆